Josep M. Rendé i Ventosa / Antoni Gavaldà
ISBN:
84-9791-110-5
Descripción Física:
78 p. : il. ; 24 cm
Colección:
Cooperativistes catalans ; 1
Materias:
Rendé i Ventosa, Josep M. -- Biografia
MARC
| LEADER | 00000nam a2200000Ia 4500 | ||
|---|---|---|---|
| 001 | 16696 | ||
| 008 | 160829s2005 xx 000 0 cat d | ||
| 020 | |a 84-9791-110-5 | ||
| 080 | |a M-5-65 | ||
| 100 | |a Gavaldà i Torrents, Antoni |9 35151 | ||
| 245 | |a Josep M. Rendé i Ventosa / Antoni Gavaldà | ||
| 260 | |a Barcelona : |b Fundació Roca i Galès; Valls : |b Cossetània, |c 2005 | ||
| 300 | |a 78 p. : |b il. ; |c 24 cm | ||
| 490 | |a Cooperativistes catalans ; 1 | ||
| 650 | |a Rendé i Ventosa, Josep M. |x Biografia |9 24708 | ||
| 901 | |a Arxiu | ||
| 942 | |n 1 | ||
| 952 | |0 0 |1 0 |4 0 |6 M565 |7 1 |9 43280 |a Arxiu |b Arxiu |d 2016-12-01 |l 0 |o M-5-65 |p 16696 |r 2016-12-01 00:00:00 |w 2016-12-01 |y ARXIU | ||
| 999 | |c 45825 |d 45825 | ||